Declaración de Managua
Guardado en:
| Autor Corporativo: | |
|---|---|
| Formato: | Procedimiento de la Conferencia |
| Lenguaje: | Spanish |
| Materias: | |
| Etiquetas: |
Agregar Etiqueta
Sin Etiquetas, Sea el primero en etiquetar este registro!
|
MARC
| LEADER | 00000 a a2200000 04500 | ||
|---|---|---|---|
| 001 | 11219 | ||
| 003 | cru IIS | ||
| 005 | 20221017100227.0 | ||
| 008 | 221017b |||||||| |||| 00| 0 spa d | ||
| 040 | |c cru IIS | ||
| 245 | |a Declaración de Managua | ||
| 300 | |a páginas 63-65 | ||
| 500 | |a Colección Centroamérica | ||
| 650 | 0 | |9 978 |a JUVENTUD | |
| 650 | 0 | |9 3691 |a POLITICA | |
| 650 | 0 | |9 4911 |a GOBIERNO | |
| 650 | 0 | |9 413 |a PARTIDOS POLITICOS | |
| 651 | 0 | |9 308 |a CENTROAMERICA | |
| 711 | 2 | |9 10762 |a Reunión |c (Managua, Nicaragua: |d 1997 setiembre 14) | |
| 773 | 0 | |0 43286 |9 6075 |a Instituto Centroamericano de Estudios Políticos |d Guatemala: Instituto Centroamericano de Estudios Políticos, 1986- |o 14242 |t Panorama Centroamericano: | |
| 942 | |2 ddc |c PP | ||
| 999 | |c 44600 |d 44600 | ||
